<?xml version="1.0" encoding="UTF-8"?>
<record
    xmlns:xsi="http://www.w3.org/2001/XMLSchema-instance"
    xsi:schemaLocation="http://www.loc.gov/MARC21/slim http://www.loc.gov/standards/marcxml/schema/MARC21slim.xsd"
    xmlns="http://www.loc.gov/MARC21/slim">

  <leader>01270nam a2200289 i 4500</leader>
  <controlfield tag="001">48294</controlfield>
  <controlfield tag="003">ES-MaACL</controlfield>
  <controlfield tag="005">20251013210602.0</controlfield>
  <controlfield tag="007">t|</controlfield>
  <controlfield tag="008">950712s1841    fr           |||| |dfre d</controlfield>
  <datafield tag="040" ind1=" " ind2=" ">
    <subfield code="a">CAM </subfield>
    <subfield code="b">spa </subfield>
    <subfield code="c">CAM</subfield>
  </datafield>
  <datafield tag="245" ind1="0" ind2="0">
    <subfield code="a">Choix de moralistes fran&#xE7;ais </subfield>
    <subfield code="b">: avec notices biographiques / </subfield>
    <subfield code="c">par J.A.C. Buchon...</subfield>
  </datafield>
  <datafield tag="260" ind1=" " ind2=" ">
    <subfield code="a">Paris : </subfield>
    <subfield code="b">A. Desrez, </subfield>
    <subfield code="c">1841.</subfield>
  </datafield>
  <datafield tag="300" ind1=" " ind2=" ">
    <subfield code="a">LII, 784 p. ; </subfield>
    <subfield code="c">26 cm.</subfield>
  </datafield>
  <datafield tag="490" ind1="1" ind2=" ">
    <subfield code="a">Panth&#xE9;on litt&#xE9;raire. </subfield>
    <subfield code="a">Litt&#xE9;rature francaise. </subfield>
    <subfield code="a">Philosophie</subfield>
  </datafield>
  <datafield tag="505" ind1="8" ind2=" ">
    <subfield code="a">Contiene: ; </subfield>
    <subfield code="t">De la sagesse / </subfield>
    <subfield code="r">Pierre Charron. -- </subfield>
    <subfield code="t">Pens&#xE9;es /</subfield>
    <subfield code="r">Blaise Pascal. -- </subfield>
    <subfield code="t">Sentences et maximes / </subfield>
    <subfield code="r">La Rochefoucauld. -- </subfield>
    <subfield code="t">Des caract&#xE8;res de ce si&#xE8;cle / </subfield>
    <subfield code="r">La Bruy&#xE8;re. -- </subfield>
    <subfield code="t">Oeuvres / </subfield>
    <subfield code="r">Vauvenargues</subfield>
  </datafield>
  <datafield tag="650" ind1="0" ind2="4">
    <subfield code="a">&#xC9;tica-</subfield>
    <subfield code="v">M&#xE1;ximas y aforismos.</subfield>
    <subfield code="9">12582</subfield>
  </datafield>
  <datafield tag="700" ind1="1" ind2=" ">
    <subfield code="a">Buchon, Jean-Alexandre.</subfield>
    <subfield code="9">126221</subfield>
  </datafield>
  <datafield tag="700" ind1="1" ind2=" ">
    <subfield code="a">Charron, Pierre.</subfield>
    <subfield code="9">38134</subfield>
  </datafield>
  <datafield tag="700" ind1="1" ind2=" ">
    <subfield code="a">Pascal, Blaise,</subfield>
    <subfield code="d">1623-1662</subfield>
    <subfield code="9">89307</subfield>
  </datafield>
  <datafield tag="700" ind1="1" ind2=" ">
    <subfield code="a">La Rochefoucauld, Fran&#xE7;ois, </subfield>
    <subfield code="c">duc de</subfield>
    <subfield code="9">138636</subfield>
  </datafield>
  <datafield tag="700" ind1="1" ind2=" ">
    <subfield code="a">Vauvenargues, Luc de Clapiers, </subfield>
    <subfield code="c">marquis de (</subfield>
    <subfield code="d">1715-1747)</subfield>
    <subfield code="9">113330</subfield>
  </datafield>
  <datafield tag="700" ind1="1" ind2=" ">
    <subfield code="a">La Bruy&#xE8;re, Jean de, </subfield>
    <subfield code="d">1645-1696</subfield>
    <subfield code="9">69137</subfield>
  </datafield>
  <datafield tag="830" ind1="0" ind2=" ">
    <subfield code="a">Panth&#xE9;on litt&#xE9;raire. </subfield>
    <subfield code="a">Litt&#xE9;rature francaise. </subfield>
    <subfield code="a">Philosophie</subfield>
    <subfield code="9">222004</subfield>
  </datafield>
  <datafield tag="852" ind1=" " ind2=" ">
    <subfield code="a">ES-MaACL</subfield>
    <subfield code="j">G-13585</subfield>
  </datafield>
  <datafield tag="999" ind1=" " ind2=" ">
    <subfield code="c">48294</subfield>
    <subfield code="d">48294</subfield>
  </datafield>
  <datafield tag="952" ind1=" " ind2=" ">
    <subfield code="0">0</subfield>
    <subfield code="1">0</subfield>
    <subfield code="4">0</subfield>
    <subfield code="7">0</subfield>
    <subfield code="8">LIBXIX</subfield>
    <subfield code="a">ATENEOM</subfield>
    <subfield code="b">ATENEOM</subfield>
    <subfield code="c">SPP3</subfield>
    <subfield code="d">2008-01-17</subfield>
    <subfield code="e">SC</subfield>
    <subfield code="l">0</subfield>
    <subfield code="o">G-13585</subfield>
    <subfield code="p">1050826</subfield>
    <subfield code="r">2023-02-23 00:00:00</subfield>
    <subfield code="w">2023-02-23</subfield>
    <subfield code="y">MONANT</subfield>
  </datafield>
</record>
